00344nam a2200133Ia 4500008004100000041000800041082001400049100002300063245003200086250001400118260003900132300003200171365000700203240624s9999 xx 000 0 und d aeng a332.6 ALE aALEXANDER GORDON J aFUNDAMENTALS OF INVESTMENTS a(3rd ed.) c2003aNew DelhibPearson Education axxxi, : 781 : p. : cm. ; 24 cRS